| Tag |
First Indicator |
Second Indicator |
Subfields |
| LEADER |
00000cam a22000008a 4500 |
| 001 |
in00001109713 |
| 005 |
20150930061357.0 |
| 008 |
920203s1992 nyu b 001 0 eng |
| 010 |
|
|
|a 92006905
|
| 020 |
|
|
|a 0844817066
|
| 035 |
|
|
|a (OCoLC)25367278
|
| 035 |
|
|
|9 AFU9833AM
|
| 040 |
|
|
|a DLC
|c DLC
|d IAI
|d TXA
|d UtOrBLW
|
| 049 |
|
|
|a TXAM
|
| 050 |
0 |
0 |
|a TA174
|b .L43 1992
|
| 082 |
0 |
0 |
|a 371.3/34
|2 20
|
| 245 |
0 |
0 |
|a Learning to design, designing to learn :
|b using technology to transform the curriculum /
|c edited by Diane P. Balestri, Stephen C. Ehrmann, David L. Ferguson.
|
| 263 |
|
|
|a 9207
|
| 264 |
|
1 |
|a Washington, D.C. :
|b Taylor & Francis,
|c [1992]
|
| 264 |
|
4 |
|c ©1992
|
| 300 |
|
|
|a xiv, 211 pages :
|b illustrations ;
|c 24 cm.
|
| 336 |
|
|
|a text
|b txt
|2 rdacontent
|
| 337 |
|
|
|a unmediated
|b n
|2 rdamedia
|
| 338 |
|
|
|a volume
|b nc
|2 rdacarrier
|
| 504 |
|
|
|a Includes bibliographical references and index.
|
| 650 |
|
0 |
|a Computer-aided design
|x Study and teaching (Higher)
|
| 650 |
|
0 |
|a Computer-assisted instruction.
|
| 700 |
1 |
|
|a Balestri, Diane Pelkus.
|
| 700 |
1 |
|
|a Ehrmann, Stephen C.
|
| 700 |
1 |
|
|a Ferguson, David L.,
|d 1949-
|
| 999 |
|
|
|a MARS
|
| 999 |
f |
f |
|s 92648ec7-28bb-3103-8e40-e36d1ee7f9aa
|i 97e0c87d-cc8a-36c5-9c9b-a98f53e65d00
|t 0
|
| 952 |
f |
f |
|p ric
|a Texas A&M University
|b Rellis Campus
|c Joint Library Facility
|d Remote Storage
|t 0
|e TA174 .L43 1992
|h Library of Congress classification
|i unmediated -- volume
|m A14816913763
|
| 998 |
f |
f |
|a TA174 .L43 1992
|t 0
|l Remote Storage
|